| 000 | 00000nam##2200000za#4500 |
| 001 | 9.579976 |
| 003 | CaOODSP |
| 005 | 20210624190822 |
| 007 | cr ||||||||||| |
| 008 | 150406|2004||||xxc|||||o f|0| 0 eng|d |
| 022 | |a1488-5387 |
| 040 | |aCaOODSP|beng |
| 043 | |an-cn--- |
| 086 | 1 |aFs97-4/2672E-PDF |
| 110 | 1 |aCanada. |bDepartment of Fisheries and Oceans. |
| 245 | 10|aLife history characteristics of freshwater fishes occurring in Newfoundland and Labrador, with major emphasis on riverine habitat requirements / |h[electronic resource]|cby C.G.J Grant and E.M. Lee. |
| 260 | |aSt. John's - Newfoundland and Labrador : |bFisheries and Oceans Canada |c2004. |
| 300 | |a280p.|breferences, tables |
| 490 | 1 |aCanadian manuscript report of fisheries and aquatic sciences|x1488-5387|vNo. 2672 |
| 500 | |aOn t. p. : Environment and Habitat Management, North Atlantic Fisheries Centre, St. John's, Newfoundland and Labrador. The catalogue number and ISSN for the print edition appear in the PDF version. |
| 546 | |a(Résumés en français) |
| 590 | |a14-13-Supp|b2014-06-23 |
| 720 | 1 |aGrant, C. G. J. |
| 720 | 1 |aLee, E. M. |
| 776 | 0#|tLife history characteristics of freshwater fishes occurring in Newfoundland and Labrador, with major emphasis on riverine habitat requirements / |w(CaOODSP)9.616833 |
| 830 | #0|aCanadian manuscript report of fisheries and aquatic sciences,|x1488-5387|vNo. 2672|w(CaOODSP)9.505211 |
| 856 | 40|ahttp://publications.gc.ca|qPDF|s6283 KB|uhttps://publications.gc.ca/collections/collection_2014/mpo-dfo/Fs97-4-2672-eng.pdf|yNo. 2672 |